<?xml version="1.0" encoding="UTF-8"?>
<collection xmlns:xsi="http://www.w3.org/2001/XMLSchema-instance" xsi:schemaLocation="http://www.loc.gov/MARC21/slim http://www.loc.gov/standards/marcxml/schema/MARC21slim.xsd" xmlns="http://www.loc.gov/MARC21/slim">
 <record>
  <leader>00000cam a22000004a 4500</leader>
  <controlfield tag="001">UP-8027390931312211799</controlfield>
  <controlfield tag="003">Buklod</controlfield>
  <controlfield tag="005">20070925093931.0</controlfield>
  <controlfield tag="006">o--- |     ||   ||</controlfield>
  <controlfield tag="007">ta</controlfield>
  <controlfield tag="008">070925s1965    enka    rb   |001 0|eng d</controlfield>
  <datafield tag="035" ind1=" " ind2=" ">
   <subfield code="a">(iLib)UPCEB-00000007073</subfield>
  </datafield>
  <datafield tag="050" ind1=" " ind2="4">
   <subfield code="a">DS673</subfield>
   <subfield code="b">E69</subfield>
  </datafield>
  <datafield tag="090" ind1=" " ind2=" ">
   <subfield code="a">DS673</subfield>
   <subfield code="b">E69</subfield>
  </datafield>
  <datafield tag="245" ind1="1" ind2="4">
   <subfield code="a">The ENVERGA report on the exploratory mission to the Socialist countries in 1967.</subfield>
  </datafield>
  <datafield tag="264" ind1=" " ind2="1">
   <subfield code="a">Manila</subfield>
   <subfield code="b">[s.n.]</subfield>
   <subfield code="c">1965.</subfield>
  </datafield>
  <datafield tag="300" ind1=" " ind2=" ">
   <subfield code="a">318 p</subfield>
  </datafield>
  <datafield tag="650" ind1=" " ind2="0">
   <subfield code="a">Philippines</subfield>
   <subfield code="x">Foreign relations.</subfield>
  </datafield>
  <datafield tag="852" ind1="0" ind2=" ">
   <subfield code="a">UPCEB</subfield>
   <subfield code="b">CEBU-LAHUG</subfield>
   <subfield code="h">DS673 E69 1967</subfield>
  </datafield>
  <datafield tag="942" ind1=" " ind2=" ">
   <subfield code="a">Book</subfield>
  </datafield>
 </record>
</collection>
